[Event "ISL-chT 1516"]
[Site "Reykjavik"]
[Date "2015.09.26"]
[Round "4.3"]
[White "Valtysson, Thor"]
[Black "Hardarson, Jon Trausti"]
[Result "1/2-1/2"]
[WhiteElo "1968"]
[BlackElo "2117"]
[PlyCount "112"]
[EventDate "2015.09.24"]
[EventType "team-tourn"]
[EventRounds "9"]
[EventCountry "ISL"]
[SourceTitle "EXT 2017"]
[Source "ChessBase"]
[SourceDate "2016.10.25"]
[SourceVersion "1"]
[SourceVersionDate "2016.10.25"]
[SourceQuality "1"]
[WhiteTeam "Akureyri II"]
[BlackTeam "Fjolnir"]
[WhiteTeamCountry "ISL"]
[BlackTeamCountry "ISL"]

1. d4 d5 2. Nf3 Nf6 3. Bf4 c5 4. c3 Nc6 5. e3 Qb6 6. Qc1 Bf5 7. Nbd2 e6 8. dxc5 Bxc5 9. Nb3 Be7 10. Nbd4 Bg6 11. Nb5 Rc8 12. Nd6+ Bxd6 13. Bxd6 Nd4 14. exd4 Qxd6 15. Bb5+ Ke7 16. 0-0 a6 17. Be2 Rhd8 18. Ne5 b5 19. a3 Qb6 20. Bd3 Kf8 21. Bxg6 hxg6 22. Qf4 a5 23. Nd3 Rc4 24. Rfe1 Qd6 25. Qh4 Ke7 26. Ne5 Rcc8 27. h3 Rh8 28. Qf4 Rh5 29. Nd3 g5 30. Qxd6+ Kxd6 31. Ne5 Ke7 32. f3 Nd7 33. Nxd7 Kxd7 34. Kf2 Kd6 35. Re2 f6 36. Rae1 Re8 37. Re3 Re7 38. Ke2 Rh8 39. Kd3 e5 40. dxe5+ fxe5 41. R3e2 Rh4 42. Re3 Ra4 43. Kd2 Rc4 44. Kd3 a4 45. R3e2 d4 46. Re4 dxc3 47. Rxc4 bxc4+ 48. Kxc3 Rb7 49. Re4 Rb3+ 50. Kxc4 Rxb2 51. Rg4 Ke6 52. Rxg5 Kf6 53. Rg4 Rb3 54. h4 Rxa3 55. Kb5 Ra2 56. Kb4 g6 1/2-1/2

[Event "ISL-chT2 1415"]
[Site "Reykjavik"]
[Date "2015.03.21"]
[Round "7.2"]
[White "Thorsteinsdottir, Hallgerdur"]
[Black "Valtysson, Thor"]
[Result "1/2-1/2"]
[WhiteElo "2008"]
[BlackElo "2002"]
[PlyCount "63"]
[EventDate "2014.10.03"]
[EventType "team-tourn"]
[EventRounds "7"]
[EventCountry "ISL"]
[SourceTitle "EXT 2016"]
[Source "ChessBase"]
[SourceDate "2015.10.08"]
[SourceVersion "1"]
[SourceVersionDate "2015.10.08"]
[SourceQuality "1"]
[WhiteTeam "Huginn III"]
[BlackTeam "Akureyri II"]
[WhiteTeamCountry "ISL"]
[BlackTeamCountry "ISL"]

1. e4 c6 2. d4 d5 3. exd5 cxd5 4. Bd3 Nc6 5. c3 Nf6 6. h3 g6 7. Qc2 Bg7 8. Nf3 Qc7 9. Bg5 0-0 10. 0-0 e5 11. dxe5 Nxe5 12. Nxe5 Qxe5 13. Be3 Bd7 14. Nd2 Rfe8 15. Rfe1 Qc7 16. Rad1 Nh5 17. Qb3 Bc6 18. Nf3 Nf4 19. Bf1 Ne6 20. Qb4 Bf6 21. Nd4 Nxd4 22. Bxd4 Bxd4 23. Qxd4 a6 24. Be2 Re4 25. Qd2 Rae8 26. Bf3 Rxe1+ 27. Rxe1 Rxe1+ 28. Qxe1 Qf4 29. Qd1 Qe5 30. Qe2 Qf4 31. Qd1 Qe5 32. Qe2 1/2-1/2

[Event "Reykjavik op"]
[Site "Reykjavik"]
[Date "2015.03.16"]
[Round "8"]
[White "Valtysson, Thor"]
[Black "Niemann, Hans Moke"]
[Result "0-1"]
[WhiteElo "1974"]
[BlackElo "2275"]
[PlyCount "108"]
[EventDate "2015.03.10"]
[EventType "swiss"]
[EventRounds "10"]
[EventCountry "ISL"]
[SourceTitle "CBM 165 Extra"]
[Source "ChessBase"]
[SourceDate "2015.04.21"]
[SourceVersion "1"]
[SourceVersionDate "2015.04.21"]
[SourceQuality "1"]

1. d4 Nf6 2. Nf3 g6 3. Bf4 Bg7 4. e3 0-0 5. Be2 d6 6. h3 Nbd7 7. 0-0 Qe8 8. c4 e5 9. Bh2 Qe7 10. Nc3 c6 11. Rc1 Nh5 12. b4 f5 13. c5 dxc5 14. dxc5 b6 15. cxb6 Nxb6 16. b5 Rd8 17. Qb3+ Be6 18. Qb1 Bd7 19. bxc6 Bxc6 20. Rfd1 f4 21. Qb3+ Kh8 22. exf4 Nxf4 23. Bxf4 exf4 24. Re1 Qf6 25. Nb5 Bd5 26. Qb1 Qf7 27. Rc7 Rd7 28. Rxd7 Qxd7 29. a3 Rb8 30. Nbd4 Rd8 31. Rd1 Qe7 32. Qc1 Qf6 33. Qc7 Rd7 34. Qb8+ Bf8 35. Nb5 Rb7 36. Qe8 Re7 37. Qd8 Qg7 38. Bf1 Rd7 39. Qg5 a6 40. Nbd4 Bxf3 41. Ne6 Qe7 42. Qe5+ Kg8 43. Re1 Bd5 44. Qb8 Bxe6 45. Qxb6 Rd6 46. Qb4 Qf7 47. Qa4 Kh8 48. Qa5 Qf6 49. Qc7 Bf7 50. Qc8 Kg7 51. Rb1 Qf5 52. Qb8 f3 53. g3 Rd2 54. Qf4 Qxf4 0-1